000
00260nam a22001217a 4500
082
_a
823
_b
UNK/A
100
_a
UNKNOWN
245
_a
ALLIED RHYMES - II
260
_a
MUMBAI
_b
ALLIED PUBLISHERS LTD
300
_a
48
650
_a
ENGLISH STORY
_z
INDIA
942
_c
BK
999
_c
7564
_d
7564